00600nam a22001817a 450000500170000001000150001702000260003203500130005803700130007108200120008410000160009624501090011225000110022126000480023227000540028030000340033450000500036820130812114615.0 aENG-108162 a9781107645509c295.00 aEN-91695 bDBAD/PUB a515.723 aJames, J.F.10aA student's guide to fourier transforms :cby J.F. Jamesbwith applications in physics and engineering / a3rd ed aNew DelhibCambridge University Pressc2011 a4381/4, Ansari Road, DaryaganjbNew Delhie110002 axiii,146p. :c23cm(pbk)bill. aIncludes bibliographical references and index